• 首页
  • 本馆介绍
  • 公告通知
  • 最新文献
  • 馆藏检索
  • 电子资源
  • 读者导购
  • 参考咨询
  • 我的图书馆
  • 登录
  • 详细信息显示
  • 放入我的书架
  • 预约/预借图书
  • 作者相关作品
  • 分类相关作品
  • 丛书相关作品
  • 出版社相关作品

书目信息

  • 表格格式
  • 工作单格式
  • 卡片格式
题名:
网络传播案例教程
    
 
作者: 彭兰 主编
分册:  
出版信息: 北京   中国人民大学出版社  2010
页数: 308页
开本: 23cm
丛书名:
单 册:
中图分类: G206 , TP393.4
科图分类:
主题词: 互联网络--传播--案例--高等学校--教材 , 互联网络 , 传播
电子资源:
ISBN: 978-7-300-12216-8
000 01026nam0 2200277 45
001 1130706015
005 20110310091905.54
010    @a978-7-300-12216-8@dCNY39.00
100    @a20110121d2010 em y0chiy50 ea
101 0  @achi
102    @aCN@b110000
105    @aa z 000yy
106    @ar
200 1  @a网络传播案例教程@AWang Luo Chuan Bo An Li Jiao Cheng@f彭兰主编@FPeng Lan Zhu Bian
210    @a北京@c中国人民大学出版社@d2010
215    @a308页@c图@d23cm
300    @a21世纪新闻传播学案例系列教材 高等学校全国优秀博士学位论文作者专项资金资助项目
330    @a本书用案例的方式,对网络传播活动与现象进行了阐释,对其社会影响进行了分析,揭示了网络媒体与网络社会发展的线索,呈现了网络世界的某些局部,并为认识中国当代社会的思潮以及社会变迁提供了资料。
606 0  @a互联网络@x传播@x案例@x高等学校@j教材
606 0  @a互联网络
606 0  @a传播
690    @aG206@v4
690    @aTP393.4@v4
701  0 @a彭兰@APeng Lan@c(女,@f1966~)@4主编
801  0 @aCN@bTANGWEI@c20110310
905    @b0531504-08@dG206@e423@f5
    
    网络传播案例教程/彭兰主编.-北京:中国人民大学出版社,2010
    308页:图;23cm
    21世纪新闻传播学案例系列教材 高等学校全国优秀博士学位论文作者专项资金资助项目
    
    ISBN 978-7-300-12216-8:CNY39.00
    本书用案例的方式,对网络传播活动与现象进行了阐释,对其社会影响进行了分析,揭示了网络媒体与网络社会发展的线索,呈现了网络世界的某些局部,并为认识中国当代社会的思潮以及社会变迁提供了资料。
●
相关链接 在E读中查询图书 在五车中查询图书 在当当中查询图书 在豆瓣中查询图书


正题名:网络传播案例教程     索取号:G206/423         预约/预借

序号 登录号 条形码 馆藏地/架位号 状态 备注
1 0531504   205315041   第一样本阅览室/ [索取号:G206/423] 在馆    
2 0531505   205315050   第四借阅区/ [索取号:G206/423] 在馆    
3 0531506   205315069   第四借阅区/ [索取号:G206/423] 在馆    
4 0531507   205315078   第四借阅区/ [索取号:G206/423] 在馆    
5 0531508   205315087   密集书库-文学院/ [索取号:G206/423] 在馆    
唐山师范学院图书馆 欢迎您!
大连网信软件有限公司© 版权所有